000 00818nam a22002897a 4500
003 CHAP
005 20220329135123.0
008 971013s1957 r 00010 d
010 _a31254
011 _a32226
035 _a36339
040 _cCHAP
082 _a583.47
_bM37
100 0 0 _aMarsden, C.
_971584
245 _aMammillaria
260 _aLondon :
_bCleaver-Hume,
_c1957
300 _a407 p.
_b: ilus
590 _aBATCH-UPD
_b10
_c20130110
_lUCH01
_h1851
590 _aBATCH-UPD
_b10
_c20130410
_lUCH01
_h1220
590 _aBATCH-UPD
_b10
_c20130914
_lUCH01
_h0805
590 _aCONVERSION
_b10
_c20130109
_lUCH01
_h1318
650 1 4 _aCactáceas.
_916994
650 1 4 _aMamillaria.
_970231
901 _aBK
942 _cLIBRO
949 _a583.47 M37
_bBC
_cLIBRO
_d33724000456315
_eLIBRO
_h26824
_i36339
_si
_t78.75
999 _c31254
_d31254